000 00352nam a2200145Ia 4500
008 151213s9999 xx 000 0 und d
100 _aAldous Hugley
245 _aBrave New World
_cAldous Hugley
260 _aLondon
_bChaffo & Windus
_c1948
300 _a6541 p.
650 _aEnglish
650 _aFiction
700 _aAldous Hugley
999 _c3623
_d3623